Hussain Ke Mukammil Halaat Ma Waqiat-E-karbala (Record no. 4886)

MARC details
000 -LEADER
fixed length control field 00567nam a2200229 a 4500
020 ## - INTERNATIONAL STANDARD BOOK NUMBER
ISBN
082 00 - DEWEY DECIMAL CLASSIFICATION NUMBER
Classification number 297.82
Author Cutter FAR
100 ## - MAIN ENTRY--AUTHOR NAME
Author name Farooqi, Rehana
245 ## - TITLE STATEMENT
Title Hussain Ke Mukammil Halaat Ma Waqiat-E-karbala
260 ## - PUBLICATION, DISTRIBUTION, ETC. (IMPRINT)
Place of publication Delhi
Name of publisher Maktaba Darul Furqan
Year of publication 1985
300 ## - PHYSICAL DESCRIPTION
Number of Pages 271p
500 ## - GENERAL NOTE
General note includes index and biblioraphy
505 2# - FORMATTED CONTENTS NOTE
Formatted contents note bibliography
942 ## - ADDED ENTRY ELEMENTS (KOHA)
Koha item type Books
700 1# -
-- Farooqi, Rehana
Holdings
Collection code Home library Current library Date acquired Cost, normal purchase price Full call number Accession Number Koha item type
  Henry Martyn Institute Library Henry Martyn Institute Library 06/28/2007 6.00 297.82 FAR 08933 Books
                   Copyright © 2026 | Henry Martyn Institute | Hyderabad | TS-500052 | INDIA | Implemented by hmi.edu.in
Hit-Count:

Powered by Koha